Fanbases - Statistics

General Stats
  • This quiz has been taken 33 times
    32 since last reset
  • The average score is 47 of 204
Answer Stats
Hint Answer % Correct
Directionaters Haters of One Direction
97%
Beliebers Justin Bieber
97%
Katy Cats Katy Perry
97%
Directioners One Direction
97%
Rihanna Navy Rihanna
97%
Selenators Selena Gomez
97%
Swifties Taylor Swift
97%
Arianators Ariana Grande
93%
Potterheads Harry Potter
93%
Beyhive Beyonce
83%
Little Liars Pretty Little Liars
83%
Mendes Army Shawn Mendes
83%
Gleeks Glee
80%
Timberlakers Justin Timberlake
80%
Britney Army Britney Spears
73%
5SOS Fam 5 Seconds of Summer
70%
Sheerios Ed Sheeran
70%
Mixers Little Mix
67%
Twihards Twilight
67%
Lovatics Demi Lovato
63%
Harmonizers Fifth Harmony
63%
iCarlies iCarly
63%
Little Monsters Lady Gaga
63%
Pokémaniacs Pokémon
60%
The KISS Army KISS
57%
RitaBots Rita Ora
57%
Azaleans Iggy Azalea
53%
Derulers Jason Derulo
53%
Jepseners Carly Rae Jepsen
50%
The Lorde Club Lorde
50%
Sonicfags Sonic the Hedgehog
47%
Beatlemaniacs The Beatles
47%
Mahomies Austin Mahone
43%
Batmaniacs Batman
43%
Rushers Big Time Rush
43%
Marvel Zombies Marvel Comics
43%
M*A*S*Hers M*A*S*H
43%
Barbz Nicki Minaj
43%
Red Sox Nation Boston Red Sox
40%
ARMY BTS
40%
Gouldiggers Ellie Goulding
40%
Smilers Miley Cyrus
40%
Sherlockians Sherlock
40%
Z Squad ZAYN
40%
Glamberts Adam Lambert
37%
J. Lovers Jennifer Lopez
37%
Parawhores Paramore
37%
Trekkies Star Trek
37%
Team Breezy Chris Brown
33%
Whovians Doctor Who
33%
Exo-l EXO
33%
Cumberbitches Benedict Cumberbatch
30%
Hooligans Bruno Mars
30%
Dead Heads Grateful Dead
30%
Fannibals Hannibal
30%
Crüeheads Mötley Crüe
30%
Demigods Percy Jackson
30%
Colbert Nation Stephen Colbert
30%
Tributes Hunger Games
27%
Cosgrovers Miranda Cosgrove
27%
Motörheadbangers Motörhead
27%
Narutards Naruto
27%
Wares Star Wars
27%
Dunderheads The Office (U.S.)
27%
Hiddlestoners Tom Hiddleston
27%
X-Philes X-Files
27%
Arrowheads Arrow
23%
Bellarinas Bella Thorne
23%
Stans Eminem
23%
Jonatics Jonas Brothers
23%
The Lake Show Los Angeles Lakers
23%
Muppet Freaks The Muppets
23%
Angels/ Simpsonizers Cody Simpson
20%
Ghostheads Ghostbusters
20%
Cheeseheads Green Bay Packers
20%
Juggalos Insane Clown Posse
20%
Grobanites Josh Groban
20%
Metallibangers or Metallicats Metallica
20%
Pine Nuts Chris Pine
17%
Gothamites Gotham
17%
Grimmlins Grimm
17%
Parrotheads Jimmy Buffet
17%
Animals Kesha
17%
Shadowhunters Mortal Instruments
17%
Musers Muse
17%
Flash Mob The Flash
17%
Victorians Victoria Justice
17%
Zswaggers Zendaya
17%
Avengers Avenged Sevenfold
13%
Fanilows Barry Manilow
13%
Nolanites Christopher Nolan
13%
Coconuts or Team Coco Conan O'Brien
13%
Phandom Dan and Phil
13%
Downtonians Downton Abbey
13%
The Cavillry Henry Cavill
13%
The CeNation John Cena
13%
Lostralians Lost
13%
Merlin's Merlin
13%
Killjoys My Chemical Romance
13%
The Hopelessly Devoted Olivia Newton-John
13%
Bros or The Bro Army Pewdiepie
13%
Phish Heads Phish
13%
Tech9cians Tech9ne
13%
Gladers The Maze Runner
13%
Wholigans The Who
13%
The Skeleton Clique Twenty One Pilots
13%
Peabodies Black Eyed Peas
10%
Buffistas Buffy the Vampire Slayer
10%
Claymates Clay Aiken
10%
Areaologists David Bowie
10%
Durannies Duran Duran
10%
Rockets Elton John
10%
Overcast Kids or Car Crash Hears Fallout Boy
10%
The Undead Army Hollywood Undead
10%
Joan Rangers Joan Rivers
10%
Lauratics Laura Marano
10%
Ringers Lord of the Rings
10%
Lambs Mariah Carey
10%
Diamond Heads Neil Diamond
10%
Boingoloids Oingo Boingo
10%
Psych-O's Psych
10%
ELF Super Junior
10%
Simmers The Sims
10%
Tru(e)bies True Blood
10%
Taylors or Taylor Gang Wiz Khalifa
10%
Killa Bees Wu-Tang-Clan
10%
Daydreamers Adele
7%
The Blue Army Aerosmith
7%
The Grammer Police Andy Grammer
7%
Avanators or Jogians Avan Jogia
7%
Black Stars Avril Lavigne
7%
Angels Charlie XCX
7%
Brats Cher Lloyd
7%
Fighters Christina Aguilera
7%
The CimFam Cimorelli
7%
Lovelies Dove Cameron
7%
Osminators Emily Osment
7%
Sones Girls Generation
7%
McCurdians Jenette McCurdy
7%
Gillians or Lizbians Liz Gilles
7%
Halers Lucy Hale
7%
Lasers or FNF Army Lupe Fiasco
7%
Kressers Nathan Kress
7%
Olivians Olivia Holt
7%
Oncers Once Upon A Time
7%
Hoot Owls Owl City
7%
Rum Runners Pirates of the Caribbean
7%
Sleepyheads Sleepy Hollow
7%
The Victims The Killers
7%
The Close Personal Friends of Al Weird Al Yankovic
7%
Sick Things Alice Cooper
3%
Hustlers All Time Low
3%
Chipaholics Alvin and the Chipmunks
3%
Flocks Angry Bird
3%
Backies Back to the Future
3%
Beasties Beauty and the Beast
3%
Mendies or Mendlovers Bridgit Mendler
3%
Care Bears Carrie Underwood
3%
Soldiers Cheryl
3%
Human Beings Community
3%
Dee-Mo Army or Dee-Monsters Daniela Monet
3%
Archies David Archuleta
3%
Deboraliens Debby Ryan
3%
Mothers or Modies Depeche Mode
3%
Spuds Devo
3%
Dark Passengers Dexter
3%
Knuckleheads Five Finger Death Punch
3%
Heartmongers Heart
3%
Helanists Helena Bonham-Carter
3%
Sidekicks Heroes
3%
Icons Icona Pop
3%
Firebreathers Imagine Dragons
3%
Janeites Jane Austen
3%
Fin addicts Jaws
3%
Heartbeats Jessie J
3%
Tullaholics Jethro Tull
3%
Snakes Juliet Simms
3%
Strangers Keane
3%
Stirlingites Lindsey Sterling
3%
Street Soldiers Linkin Park
3%
Diamonds Marina and the Diamonds
3%
Galaxy Defenders McFly
3%
Mouseketeers Mickey Mouse Club
3%
Mummies Mumford & Sons
3%
Nelstars Nelly Furtado
3%
Roomfriends New Girl
3%
Blockheads New Kids On the Block
3%
Gabriel's Angels Peter Gabriel
3%
Petheads Pet Shop Boys
3%
Sweets Ps Pia Toscano
3%
Floridans Pink Floyd
3%
Crazy Cats, Cats, or Catties Pixie Lott
3%
Dittos Rush Limbaugh
3%
Panheads Skillet
3%
Maggots Slipknot
3%
Swellheads Teenage Mutant Ninja Turtles
3%
Hoodlums The Neighborhood
3%
Fanmily The Wanted
3%
Candy Cane Children The White Stripes
3%
Aliens Tokyo Hotel
3%
Woodies Torchwood
3%
Babes Tove Lo
3%
S.M.F. Twisted Sister
3%
V.I.P's or Ninjas Vanilla Ice
3%
No matching quizzes found
Score Distribution
Percent of People with Each Score
Percentile by Number Answered
Your Score History
You have not taken this quiz since the last reset